000 00337pab a2200145 454500
008 180718b2002 xxu||||| |||| 00| 0 eng d
100 _aGupta, B.P.
245 _aPanchayati raj: need of public participation
260 _c2002
300 _ap.21-25
362 _aMar
650 _aPanchayat
773 _aKurukshetra
909 _a51445
999 _c51445
_d51445